000
00313nam a2200133Ia 4500
100
_a
Plastock/ Roy/ Kalley/G
942
_c
BK
654
_a
computer
245
_a
Theory & problems of Computer Graphics
260
_b
Mc Graw Hill
_a
New York
_c
1986
082
_a
6.6
_b
PLA/KAL
300
_a
340
546
_a
ENGLISH
999
_c
30635
_d
30635